Bhahul : (Record no. 3162)
[ view plain ]
| 000 -LEADER | |
|---|---|
| fixed length control field | 00780nam a22002537a 4500 |
| 005 - DATE AND TIME OF LATEST TRANSACTION | |
| control field | 20260210122027.0 |
| 008 - FIXED-LENGTH DATA ELEMENTS--GENERAL INFORMATION | |
| fixed length control field | 260210b |||||||| |||| 00| 0 eng d |
| 020 ## - INTERNATIONAL STANDARD BOOK NUMBER | |
| International Standard Book Number | 9789834948177 |
| 040 ## - CATALOGING SOURCE | |
| Original cataloging agency | JKKN |
| 082 ## - DEWEY DECIMAL CLASSIFICATION NUMBER | |
| Classification number | 899.2313K |
| Item number | RAY |
| 100 0# - MAIN ENTRY--PERSONAL NAME | |
| Personal name | Raymond Majumah, |
| Dates associated with a name | 1968-, |
| 9 (RLIN) | 5080 |
| 245 10 - TITLE STATEMENT | |
| Title | Bhahul : |
| Remainder of title | Puisi Etnik Rungus / |
| Statement of responsibility, etc | RAYMOND MAJUMAH |
| 264 #1 - PRODUCTION, PUBLICATION, DISTRIBUTION, MANUFACTURE, AND COPYRIGHT NOTICE | |
| Place of production, publication, distribution, manufacture | Kuala Lumpur : |
| Name of producer, publisher, distributor, manufacturer | Dewan Bahasa dan Pustaka |
| Date of production, publication, distribution, manufacture, or copyright notice | 2025 |
| 300 ## - PHYSICAL DESCRIPTION | |
| Extent | xviii, 445 pages: |
| Dimensions | 21cm. |
| 337 ## - MEDIA TYPE | |
| Source | rdamedia |
| Media type term | unmediated |
| 338 ## - CARRIER TYPE | |
| Source | rdacarrier |
| Carrier type term | volume |
| 650 10 - SUBJECT ADDED ENTRY--TOPICAL TERM | |
| Source of heading or term | |
| Topical term or geographic name as entry element | Malay poetry |
| 9 (RLIN) | 617 |
| 650 20 - SUBJECT ADDED ENTRY--TOPICAL TERM | |
| Topical term or geographic name as entry element | Poetry |
| 9 (RLIN) | 4954 |
| 650 20 - SUBJECT ADDED ENTRY--TOPICAL TERM | |
| Topical term or geographic name as entry element | Puisi |
| 9 (RLIN) | 3645 |
| 650 20 - SUBJECT ADDED ENTRY--TOPICAL TERM | |
| Topical term or geographic name as entry element | Rungus (Malaysian people) |
| Geographic subdivision | Sabah |
| 9 (RLIN) | 5095 |
| 650 20 - SUBJECT ADDED ENTRY--TOPICAL TERM | |
| Topical term or geographic name as entry element | Government publications |
| Geographic subdivision | Malaysia |
| 9 (RLIN) | 4835 |
| 942 ## - ADDED ENTRY ELEMENTS (KOHA) | |
| Source of classification or shelving scheme | Dewey Decimal Classification |
| Item type | Buku |
| 998 ## - LOCAL CONTROL INFORMATION (RLIN) | |
| PROC (RLIN) | 899.2313K RAY |
| Withdrawn status | Lost status | Source of classification or shelving scheme | Damaged status | Not for loan | Collection code | Home library | Current library | Shelving location | Date acquired | Source of acquisition | Total Checkouts | Full call number | Barcode | Date last seen | Price effective from | Koha item type |
|---|---|---|---|---|---|---|---|---|---|---|---|---|---|---|---|---|
| Dewey Decimal Classification | Non-fiction | JKKN Main Library | JKKN Main Library | General Stacks | 10/02/2026 | BELI PEKAN ILMU | 899.2313K RAY | HQ 006356 | 10/02/2026 | 10/02/2026 | Buku |